000 00206nam a22000737a 4500
999 _c24065
_d24065
003 Nust
005 20170515170150.0
008 140506b xxu||||| |||| 00| 0 eng d
020 _cAvailable
_a0071444939
040 _aDLC
_bDLC
_cRCMS
082 _a621.395 GRE
100 _aAndrei Grebennicov
_9247
245 _aRF and Microwave Power Amplifier Design
260 _aUSA
_bMcGraw-Hill
_cc2005
300 _axi,420,p:
_bill:
_c24,cm.
538 _iShelf # 15, Row # 4, Communication. Shelf # 15, Row # 5, Communication.
650 _aTechnology & Engineering Microwaves
_9248
856 _3Table of Content Only
942 _2ddc
_cBK